书目信息 |
| 题名: |
21世纪中国经济问题专家谈
|
|
| 作者: | 张卓元 著 | |
| 分册: | ||
| 出版信息: | 郑州 河南人民出版社 2000.03 |
|
| 页数: | 352页 | |
| 开本: | 32开 | |
| 丛书名: | ||
| 单 册: | ||
| 中图分类: | F123.2 | |
| 科图分类: | ||
| 主题词: | 经济--中国 | |
| 电子资源: | ||
| ISBN: | 7-215-04636-2 | |
| 000 | 00585nam0 2200193 45 | |
| 001 | 0007251091 | |
| 005 | 20000725102834.4 | |
| 010 | @a7-215-04636-2@d22.00元 | |
| 100 | @a20000725d2000 km y0chiy0120 ea | |
| 101 | 0 | @achi |
| 105 | @a z 000yy | |
| 200 | 1 | @a21世纪中国经济问题专家谈@A21 Shi Ji Zhong Guo Jing Ji Wen Ti Zhuan Jia Tan@f张卓元等著@FZhang Zhuo Yuan Deng Zhu |
| 210 | @a郑州@c河南人民出版社@d2000.03 | |
| 215 | @a352页@d32开 | |
| 606 | 0 | @a经济@x中国 |
| 690 | @aF123.2@v3 | |
| 701 | 0 | @a张卓元@4著 |
| 801 | @aCN@bPftUser@c20000725 | |
| 905 | @b77682-686@dF123.2@eZH931@f5 | |
| 21世纪中国经济问题专家谈/张卓元等著.-郑州:河南人民出版社,2000.03 |
| 352页;32开 |
| ISBN 7-215-04636-2:22.00元 |
| ● |
| 相关链接 |
|
|
|
正题名:21世纪中国经济问题专家谈
索取号:F123.2/ZH931
 
预约/预借
| 序号 | 登录号 | 条形码 | 馆藏地/架位号 | 状态 | 备注 |
| 1 | 77682 | 200776829 | 社科二线422/409社科库 68排4列1层/ [索取号:F123.2/ZH931] | 在馆 | |
| 2 | 77683 | 200776838 | 社科二线422/409社科库 68排4列4层/ [索取号:F123.2/ZH931] | 在馆 | |
| 3 | 77684 | 200776847 | 社科二线422/409社科库 68排4列4层/ [索取号:F123.2/ZH931] | 在馆 | |
| 4 | 77685 | 200776856 | 社科二线422/409社科库 68排4列4层/ [索取号:F123.2/ZH931] | 在馆 | |
| 5 | 77686 | 200776865 | 社科库409/409社科库 68排4列4层/ [索取号:F123.2/ZH931] | 在馆 |